header

The management of safety (Record no. 110145)

MARC details
000 -LEADER
fixed length control field 01437nam a2200361 a 4500
082 04 - DEWEY DECIMAL CLASSIFICATION NUMBER
Classification number 658.3/82
100 1# - MAIN ENTRY--AUTHOR NAME
Personal name Sutherland, Valerie J.
245 14 - TITLE STATEMENT
Title The management of safety
260 ## - PUBLICATION, DISTRIBUTION, ETC. (IMPRINT)
Place of publication London ;
-- Thousand Oaks, Calif. :
Name of publisher SAGE,
Year of publication 2000.
300 ## - PHYSICAL DESCRIPTION
Number of Pages iv, 153 p. :
Other physical details ill.
650 #0 - SUBJECT ADDED ENTRY--TOPICAL TERM
Topical Term Industrial safety
Topical Term Industrial safety
700 1# - ADDED ENTRY--PERSONAL NAME
Personal name Makin, Peter J.
Personal name Cox, Charles.
856 40 - ELECTRONIC LOCATION AND ACCESS
Uniform Resource Identifier http://site.ebrary.com/lib/rucke/Doc?id=10369732

No items available.

© 2026 Rongo University
Contact us: librarian | system librarian | Rongo university